Песни из советских фильмов - Армагеддон - Statistics

General Stats
  • This quiz has been taken 57 times
  • The average score is 6 of 25
Answers on the Grid
Answers color-coded by a green-red scale on the quiz's grid according to % correct below.
Червона рута
Пять минут
Электрический пёс
Белеет мой парус
33 коровы
Милая моя, солнышко лесное
Червона калина
Валенки
Я не люблю
Птичка-невеличка
Мне нравится, что вы больны не мной
А напоследок я скажу
Звенит январская вьюга
Бублички
Миллион алых роз
Дым сигарет с ментолом
Песенка о шпаге
Весёлый ветер
Тёмная ночь
Поезд в огне
Любовь на пятом этаже
Разговор со счастьем
Нежность
Три белых коня
Охота на волков
Крылатые качели
Перемен!
Дожди, косые дожди
Опиум для никого
Кони привередливые
Песенка о медведях
Журчат ручьи
Скованные одной цепью
Взгляд с экрана
Пачка сигарет
Красное на чёрном
Помоги мне
Восьмиклассница
Песенка о погоде
Зеленоглазое такси
Город золотой
Мама-анархия
Поворот
Улетай, туча
Катманду
Дорогой длинною
Звезда по имени Солнце
Марш авиаторов
Песенка об Арбате
Ланфрен-ланфра
 
Answer Stats
Answer % Correct
33 коровы
68%
Пять минут
61%
Звенит январская вьюга
55%
Белеет мой парус
52%
Три белых коня
48%
Крылатые качели
42%
Мне нравится, что вы больны не мной
32%
Разговор со счастьем
29%
Песенка о медведях
29%
Песенка о шпаге
23%
Тёмная ночь
19%
Помоги мне
19%
А напоследок я скажу
16%
Песенка о погоде
16%
Ланфрен-ланфра
16%
Весёлый ветер
13%
Перемен!
10%
Я не люблю
6%
Журчат ручьи
6%
Город золотой
6%
Звезда по имени Солнце
6%
Песенка об Арбате
6%
Птичка-невеличка
3%
Поезд в огне
3%
Пачка сигарет
3%
No matching quizzes found
Score Distribution
Percent of People with Each Score
Percentile by Number Answered
Your Score History
You have not taken this quiz